Fórmulas reconstruidas y acciones in factum conceptae

I tiakina i:
Ngā taipitopito rārangi puna kōrero
Kaituhi matua: Martín Minguijón, Ana Rosa (autora)
Hōputu: Pukapuka
Reo:Pāniora
I whakaputaina: Madrid Dykinson 2001
Ngā marau:
Ngā Tūtohu: Tāpirihia he Tūtohu
Kāore He Tūtohu, Me noho koe te mea tuatahi ki te tūtohu i tēnei pūkete!

MARC

LEADER 00000nam a2200000 a 4500
001 UCM8540
003 CL-VaPUC
008 030321e20010000SP |||||||||||||||||spa|d
082 0 4 |a 340.54  |b MAR  |2 21 
100 |a Martín Minguijón, Ana Rosa  |e autora  |9 480535 
245 1 0 |a Fórmulas reconstruidas y acciones in factum conceptae 
300 |a 713 p 
942 |c BK 
945 |d 20030321 00:00:00  |a rbrito 
260 |a Madrid  |b Dykinson  |c 2001 
650 0 |a Derecho romano  |9 255930 
583 |a last modification  |c 20030321 00:00:00  |k Rodrigo Vera 
999 |c 303013  |d 303011 
952 |0 0  |1 0  |4 0  |6 340_540000000000000_MAR_2001  |7 0  |8 DER_ROM  |9 363925  |a BIBDER  |b BIBDER  |d 2019-11-21  |i 378956K  |o 340.54 MAR 2001  |p 378956K  |r 2023-01-25  |w 2019-11-21  |x Ubicación 4to piso  |y BK  |z Este recurso debe solicitarse con anticipación  |k DER